000 00337 a2200121 4500
001 ART_51131
005 20260410161810.0
008 260409a
245 1 0 _aCaso "Vicentin"
100 1 _aFerro, Carlos A.
700 1 _aTropeano, Darío
773 0 _tDoctrina Societaria y Concursal
_g- N° 392 (jul. 2020)
_wREV4298
999 _c21371
_d21371